| 000 | 00549nam a22002057a 4500 | ||
|---|---|---|---|
| 003 | OSt | ||
| 005 | 20240508124710.0 | ||
| 008 | 240508b |||||||| |||| 00| 0 eng d | ||
| 022 | _20521424984 | ||
| 040 | _cDDC | ||
| 082 | _a530.4 WOO 1994, | ||
| 100 | _4Woodruff D.P, Delchar T.A | ||
| 245 | _aModern Techniques of Surface Science. | ||
| 250 | _aSecond Edition | ||
| 260 |
_aNY, _bUniversity of Cambridge, _c1994. |
||
| 300 |
_axi;586p, _bill, _c22.9cm |
||
| 504 | _aReferences and Index, | ||
| 650 |
_aPhysics _9809 |
||
| 942 |
_2ddc _cO_SHELF |
||
| 999 |
_c8328 _d8328 |
||